Deutsche Städte umschrieben - Statistiken

Allgemein
  • Dieses Quiz wurde 696 mal gespielt
  • Das Durchschnittsergebnis liegt bei 10 aus 18
Antwortstatistiken
Umschreibung Stadt % Korrekt
Futtern Essen
97%
Erdfarbe sei still Braunschweig
80%
Da Maul Dortmund
80%
In der Wanne liegen-In der Wanne liegen Baden-Baden
79%
Eingeweideort Darmstadt
70%
Bewässern Gießen
67%
Herr nach Hause Mannheim
67%
Kathedrale in Ulm oder Straßburg Münster
64%
Royale kalte Jahreszeit Königswinter
62%
Natriumchloridmetallgeflecht Salzgitter
62%
Spiel den Ball zu mir, Schwein Passau
58%
Staatskopfbedeckung Landshut
44%
Anlegestelle von Herrn Merz Friedrichshafen
38%
Gewichtig modern Schwerin
38%
Allgemein zugänglicher kleiner Fluss Offenbach
36%
Schmackhafter machende Festung Würzburg
34%
Bekommen Erlangen
33%
Beständigkeit, Unveränderlichkeit Konstanz
12%
Keine übereinstimmenden Quizze gefunden
Verteilung der Resultate
Anzahl Personen mit jedem Resultat
Perzentil nach korrekt beantworteten Fragen
Ihre Resultats-Entwicklung
Sie haben dieses Quiz noch nicht gespielt